[Event "URS-ch sf"]
[Site "Kostroma"]
[Date "1985.??.??"]
[Round "2"]
[White "Taborov, Boris"]
[Black "Yudasin, Leonid"]
[Result "1/2-1/2"]
[WhiteElo "2365"]
[BlackElo "2475"]

1.d4 Nf6 2.Nf3 e6 3.c4 c5 4.e3 cxd4 5.exd4 b6 6.Nc3 Bb7 7.Bd3 d5 8.cxd5 Nxd5
9.Ne5 a6 10.Qh5 Qc7 11.O-O Nf6 12.Qh3 Nc6 13.Bf4 Rd8 14.Nxc6 Qxc6 15.Be5 Be7
16.Rac1 Qd7 17.Rfe1 b5 18.a3 h5 19.Bb1 Kf8 20.Ne2 Nd5 21.Nf4 Nxf4 22.Bxf4 Qxd4
23.Be5 Qd2 24.Qg3 Bf6 25.h4 Bxe5 26.Qxe5 Qd5 27.Qg3 Rh6 28.Be4 Qd7 29.Bxb7 Qxb7
30.Red1 Rxd1+ 31.Rxd1 Kg8 32.Rd8+ Kh7 33.Qd3+ Rg6 34.g3 Qc7 35.Rd7 Qc1+ 36.Kg2 f5
37.b4 Qc8 38.Re7 f4 39.Qe4 fxg3 40.fxg3 Qc3 41.Qf3 Qc2+ 42.Kh3  1/2-1/2

[Event "URS-ch sf"]
[Site "Kostroma"]
[Date "1985.??.??"]
[Round "4"]
[White "Yudasin, Leonid"]
[Black "Klovans, Janis"]
[Result "1-0"]
[WhiteElo "2475"]
[BlackElo "2435"]

1.e4 e5 2.Nf3 Nc6 3.Bc4 Nf6 4.d3 Be7 5.O-O O-O 6.c3 d6 7.Bb3 Be6 8.Ba4 Nd7
9.d4 exd4 10.Bxc6 bxc6 11.Nxd4 c5 12.Nxe6 fxe6 13.Qb3 Rf6 14.f4 Qf8 15.Na3 Rb8
16.Qd1 Qc8 17.Nc4 Qb7 18.Re1 Rg6 19.g3 Nf6 20.Qd3 Bf8 21.b3 Re8 22.Bd2 e5
23.fxe5 dxe5 24.Re2 h5 25.h3 Bd6 26.Rf1 Rf8 27.Rf5 Qa8 28.Kh2 Qc8 29.Qf3 Qe6
30.Kg2 Rf7 31.Rf2 Rd7 32.Bg5 Nh7 33.Bh4 Be7 34.Rxe5  1-0

[Event "URS-ch sf"]
[Site "Kostroma"]
[Date "1985.??.??"]
[Round "5"]
[White "Dolmatov, Sergey"]
[Black "Yudasin, Leonid"]
[Result "1/2-1/2"]
[WhiteElo "2540"]
[BlackElo "2475"]

1.e4 c5 2.Nf3 Nc6 3.d4 cxd4 4.Nxd4 e6 5.Nc3 Nf6 6.Ndb5 d6 7.Bf4 e5 8.Bg5 a6
9.Na3 b5 10.Nd5 Be7 11.Bxf6 Bxf6 12.c3 O-O 13.Nc2 Rb8 14.Be2 Bg5 15.O-O Be6
16.a4 bxa4 17.Ncb4 Nxb4 18.cxb4 Bxd5 19.Qxd5 Rxb4 20.Bxa6 Rxb2 21.Rxa4 Qb6
22.Bc4 g6 23.Ra6 Qc5 24.Rxd6 Qxd5 25.Bxd5 Be7 26.Rd7 Bc5 27.g3 h5 28.h4 Bd4
29.Kg2 Kg7 30.Rc7 Rd2  1/2-1/2

[Event "URS-ch sf"]
[Site "Kostroma"]
[Date "1985.??.??"]
[Round "6"]
[White "Yudasin, Leonid"]
[Black "Ivanov, Alexander"]
[Result "1/2-1/2"]
[WhiteElo "2475"]
[BlackElo "2400"]

1.e4 e5 2.Nf3 Nc6 3.Bc4 Bc5 4.c3 Nf6 5.d3 a6 6.O-O d6 7.Bb3 Ba7 8.Re1 O-O
9.Bg5 h6 10.Bh4 Be6 11.Nbd2 Bxb3 12.Qxb3 Rb8 13.Nf1 Qe7 14.Ne3 Bxe3 15.Rxe3 Qe6
16.Qc2 Ng4 17.Re2 f5 18.exf5 Qxf5 19.Rae1 Qg6 20.d4 Qxc2 21.Rxc2 exd4 22.Nxd4 Rbe8
23.Rxe8 Rxe8 24.Ne2 a5 25.a4 Nge5 26.f3 Nd3 27.b3 Nc5 28.Nc1 Ne5 29.Rd2 Rb8
30.Bf2 Ned7 31.Ra2 Ra8 32.Kf1 Kf7 33.Ke2 b6 34.Kd1 Nf6 35.Rd2 Re8 36.Kc2 Rb8
37.Ne2 Ne6 38.b4 b5 39.axb5  1/2-1/2

[Event "URS-ch sf"]
[Site "Kostroma"]
[Date "1985.??.??"]
[Round "7"]
[White "Shabanov, Yuri"]
[Black "Yudasin, Leonid"]
[Result "1/2-1/2"]
[WhiteElo "2385"]
[BlackElo "2475"]

1.e4 c5 2.Nf3 d6 3.d4 cxd4 4.Nxd4 Nf6 5.Nc3 a6 6.a4 e6 7.Be2 Qc7 8.O-O Be7
9.f4 O-O 10.Kh1 Re8 11.Bf3 Nc6 12.Be3 Rb8 13.Qd2 Bd7 14.h3 Na5 15.Qf2 Nc4
16.Bc1 b5 17.axb5 axb5 18.b3 b4 19.Na2 e5 20.Ne2 Na5 21.Ng3 d5 22.Nh5 dxe4
23.Nxf6+ Bxf6 24.Bxe4 Bc6 25.Bxc6 Nxc6 26.Bb2 e4 27.Bxf6 gxf6 28.c3 e3 29.Qh4 Qd6
30.Rae1 Ra8 31.Nxb4 Nxb4 32.cxb4 Qd4 33.Rd1 Qb6 34.Rf3 Kh8 35.Re1 e2 36.Qf2 Qxf2
37.Rxf2 Ra2 38.Kg1 Re3  1/2-1/2

[Event "URS-ch sf"]
[Site "Kostroma"]
[Date "1985.??.??"]
[Round "10"]
[White "Yudasin, Leonid"]
[Black "Aseev, Konstantin N"]
[Result "1-0"]
[WhiteElo "2475"]
[BlackElo "2455"]

1.d4 d5 2.c4 e6 3.Nf3 Nf6 4.g3 Be7 5.Bg2 O-O 6.O-O dxc4 7.Qc2 a6 8.a4 Bd7
9.Qxc4 Bc6 10.Bg5 a5 11.Bxf6 Bxf6 12.Nc3 Ra6 13.e3 Rb6 14.Qe2 Rb4 15.Rfd1 g6
16.Qc2 Bg7 17.Rac1 Na6 18.b3 Bd5 19.Nd2 Bxg2 20.Kxg2 Rb6 21.Nc4 Nb4 22.Qe4 Ra6
23.Qxb7 Qb8 24.Qxb8 Rxb8 25.Ne4 Ra7 26.h4 f6 27.g4 Nd5 28.Ncd2 Kf7 29.Nc3 Nxc3
30.Rxc3 Bf8 31.Rdc1 Rbb7 32.Rc6 Bb4 33.Ne4 Ba3 34.R1c2 Be7 35.g5 f5 36.Nc5 Rb6
37.Nxe6 Rxb3 38.Nxc7 Ra3 39.Nb5  1-0

[Event "URS-ch sf"]
[Site "Kostroma"]
[Date "1985.??.??"]
[Round "12"]
[White "Yudasin, Leonid"]
[Black "Khasin, Alexander"]
[Result "1/2-1/2"]
[WhiteElo "2475"]
[BlackElo "2420"]

1.e4 c5 2.Nf3 d6 3.d4 cxd4 4.Nxd4 Nf6 5.Nc3 Nc6 6.Bc4 Qb6 7.Nb3 e6 8.Bg5 Bd7
9.O-O Ne5 10.Be2 Be7 11.Kh1 O-O 12.f4 Ng6 13.Bxf6 Bxf6 14.e5 Be7 15.exd6 Bxd6
16.Ne4 Bc6 17.Nxd6 Rfd8 18.Bf3 Bxf3 19.Qxf3 Rxd6 20.Rad1 Rad8 21.g3 Rxd1
22.Rxd1 Rxd1+ 23.Qxd1 Qc6+ 24.Kg1 Qb6+ 25.Qd4 Qxd4+ 26.Nxd4 e5 27.fxe5 Nxe5
28.b3 g6 29.a4 f5 30.h3 a6  1/2-1/2

[Event "URS-ch sf"]
[Site "Kostroma"]
[Date "1985.??.??"]
[Round "14"]
[White "Yudasin, Leonid"]
[Black "Basin, Leonid"]
[Result "1-0"]
[WhiteElo "2475"]
[BlackElo "2200"]

1.e4 c5 2.Nc3 d6 3.g3 Nc6 4.Bg2 g6 5.d3 Bg7 6.Be3 Nf6 7.h3 Nd4 8.Qd2 Rb8
9.Nce2 Nd7 10.c3 Nc6 11.Bh6 O-O 12.O-O-O Nf6 13.Bxg7 Kxg7 14.f4 Qa5 15.Kb1 Be6
16.Nc1 c4 17.g4 cxd3 18.Qxd3 Rfc8 19.Nf3 Qa6 20.Qe3 b5 21.Ng5 Qb6 22.Qxb6 Rxb6
23.Rhe1 Rc7 24.e5 dxe5 25.fxe5 Nd7 26.Nxe6+ fxe6 27.Nd3 Na5 28.Re2 Nb7 29.Nb4 Nbc5
30.Re3 g5 31.Nc6 Nf8 32.Nd4 Ng6 33.b4 Nd7 34.Bc6 Ndxe5 35.Nxe6+  1-0

[Event "URS-ch sf"]
[Site "Kostroma"]
[Date "1985.??.??"]
[Round "15"]
[White "Kochyev, Alexander"]
[Black "Yudasin, Leonid"]
[Result "1/2-1/2"]
[WhiteElo "2465"]
[BlackElo "2475"]

1.Nf3 Nf6 2.g3 d5 3.Bg2 e6 4.O-O b6 5.d3 Bb7 6.Nbd2 Nbd7 7.e4 dxe4 8.Ng5 Nc5
9.Ngxe4 Nfxe4 10.Nxe4 Nxe4 11.Bxe4 Bxe4 12.dxe4 Qxd1 13.Rxd1 Rd8 14.Bg5 Be7
15.Bf4 Bd6 16.Bg5 Be7 17.Bf4 Bd6 18.Bg5 Be7 19.Bf4  1/2-1/2

[Event "URS-ch sf"]
[Site "Kostroma"]
[Date "1985.??.??"]
[Round "17"]
[White "Malevinsky, Alexander A"]
[Black "Yudasin, Leonid"]
[Result "1/2-1/2"]
[WhiteElo "2395"]
[BlackElo "2475"]

1.e4 c5 2.c3 Nf6 3.e5 Nd5 4.d4 cxd4 5.Nf3 Nc6 6.Bc4 e6 7.cxd4 d6 8.exd6 Bxd6
9.O-O O-O 10.Nc3 Nf6 11.Bg5 Be7 12.a3 a6 13.Bd3 b5 14.Bc2 Bb7 15.Qd3 g6 16.Rad1 Qd6
17.Ne4 Nxe4 18.Qxe4 Bxg5 19.Nxg5 h6 20.Nf3 Rfd8 21.Qe3 Kg7 22.Be4 Na5 23.Bxb7 Nxb7
24.Ne5 Qd5 25.Ng4 Qg5 26.Qf3 Rd5 27.Ne3 Rd7 28.Qc6 Qd8 29.d5 e5 30.Qc3 Qc7
31.Qd2 Qd6 32.Rc1 f5 33.Rfd1 Rad8  1/2-1/2

[Event "URS-chI"]
[Site "Minsk"]
[Date "1985.??.??"]
[Round "2"]
[White "Yudasin, Leonid"]
[Black "Khalifman, Alexander"]
[Result "1/2-1/2"]
[WhiteElo "2475"]
[BlackElo "2485"]

1.d4 Nf6 2.c4 e6 3.Nc3 Bb4 4.Qc2 d5 5.a3 Bxc3+ 6.Qxc3 Nc6 7.e3 e5 8.dxe5 d4
9.Qd3 Ng4 10.Nf3 dxe3 11.Qxd8+ Kxd8 12.fxe3 Ke7 13.Bd2 Rd8 14.Be2 Ngxe5 15.Nxe5 Nxe5
16.Bc3 f6 17.Bxe5 fxe5 18.Rd1 Be6 19.Kf2 Rxd1 20.Rxd1 Rd8 21.Rxd8 Kxd8 22.c5 b6
23.b4 h6 24.e4 bxc5 25.bxc5 Ke7 26.Bb5 Bb3 27.Bc6 g5 28.g3 Be6 29.Ke3 Bd7
30.Bd5 Bb5  1/2-1/2

[Event "URS-chI"]
[Site "Minsk"]
[Date "1985.??.??"]
[Round "4"]
[White "Yudasin, Leonid"]
[Black "Mikhalchishin, Adrian"]
[Result "1-0"]
[WhiteElo "2470"]
[BlackElo "2505"]

1.e4 e5 2.Nf3 Nc6 3.Bc4 Nf6 4.d3 Be7 5.O-O O-O 6.c3 d6 7.Bb3 Nd7 8.d4 Bf6
9.Re1 Nb6 10.h3 Re8 11.a4 a5 12.d5 Ne7 13.Na3 Ng6 14.Be3 Nf4 15.Nb5 Nd7 16.Bc4 g5
17.Nh2 Nf8 18.b4 Bg7 19.Na7 Bd7 20.Bb5 h5 21.bxa5 Qb8 22.Bxd7 Nxd7 23.Nb5 Nf6
24.Qc2 Rxa5 25.c4 c6 26.Nc3 Nd7 27.Nf1 Rc8 28.Ng3 Nc5 29.Nf5 Bf8 30.Bxf4 exf4
31.Qd1 Qc7 32.Qxh5 Qd8 33.h4 gxh4 34.e5 dxe5 35.Rxe5 Qf6 36.Nxh4 Bg7 37.Rae1 Raa8
38.Rf5  1-0

[Event "URS-chI"]
[Site "Minsk"]
[Date "1985.??.??"]
[Round "5"]
[White "Ivanov, Alexander"]
[Black "Yudasin, Leonid"]
[Result "1-0"]
[WhiteElo "2400"]
[BlackElo "2475"]

1.e4 c5 2.Nc3 Nc6 3.Nf3 d6 4.d4 cxd4 5.Nxd4 Nf6 6.Bc4 e6 7.Bb3 a6 8.f4 Na5
9.f5 Nxb3 10.axb3 Be7 11.Qf3 O-O 12.Be3 Bd7 13.g4 Ne8 14.O-O-O b5 15.Kb1 Rc8
16.Rhg1 Bg5 17.Bxg5 Qxg5 18.h4 Qd8 19.g5 b4 20.Na2 e5 21.Ne2 a5 22.f6 Qb6
23.fxg7 Nxg7 24.h5 a4 25.bxa4 Bxa4 26.b3 Bb5 27.Nec1 Qc5 28.Rg2 Ne6 29.Qf6 Nf4
30.h6 Nh5 31.Qxd6 Qxd6 32.Rxd6 Nf4 33.Rgd2 Bc6 34.Nxb4 Bxe4 35.Ncd3 Rb8 36.Nxf4 Rxb4
37.Nh5 Bg6 38.Nf6+ Kh8 39.Kb2 e4 40.Rd8 Rb8 41.Rxf8+ Rxf8  1-0

[Event "URS-chI"]
[Site "Minsk"]
[Date "1985.??.??"]
[Round "6"]
[White "Razuvaev, Yuri S"]
[Black "Yudasin, Leonid"]
[Result "1/2-1/2"]
[WhiteElo "2520"]
[BlackElo "2475"]

1.d4 Nf6 2.c4 e6 3.Nf3 b6 4.g3 Bb7 5.Bg2 Be7 6.O-O O-O 7.Nc3 Ne4 8.Nxe4 Bxe4
9.Ne1 Bxg2 10.Nxg2 d5 11.Qa4 Qe8 12.Qxe8 Rxe8 13.cxd5 exd5 14.Be3 Nd7 15.Rac1 Rac8
16.Rc2  1/2-1/2

[Event "URS-chI"]
[Site "Minsk"]
[Date "1985.??.??"]
[Round "7"]
[White "Yudasin, Leonid"]
[Black "Azmaiparashvili, Zurab"]
[Result "1-0"]
[WhiteElo "2470"]
[BlackElo "2465"]

1.e4 d6 2.d4 Nf6 3.Nc3 g6 4.Be3 c6 5.Qd2 b5 6.f3 Bg7 7.g4 h5 8.g5 Nfd7 9.f4 Nb6
10.Nf3 d5 11.Ne5 b4 12.Ne2 dxe4 13.Ng3 h4 14.Nxe4 Bf5 15.Nc5 f6 16.gxf6 exf6
17.Nxg6 Rh6 18.Bd3 Qd5 19.Rg1 N8d7 20.Na6 Rc8 21.Qxb4 Rxg6 22.Rxg6 Bxd3 23.cxd3 Bf8
24.Qd2 Kf7 25.Rg1 Qe6 26.Qe2 Qf5 27.O-O-O Re8 28.Rde1 Nd5 29.Qf3 Bd6 30.Bd2 Nxf4
31.Kc2 Ne2 32.Qg4 Qxg4 33.Rxg4 Bxh2 34.Kd1 Ng1 35.Rxe8 Kxe8 36.Rxh4 Nf3 37.Rh8+ Kf7
38.Rh7+ Ke6 39.Bb4 Bd6 40.Nc7+ Bxc7 41.Re7+ Kf5 42.Rxd7 Bb8 43.Ke2 Ng1+ 44.Kf1 Nf3
45.Kf2 a5 46.Bxa5 Nxd4 47.Rxd4 Ba7 48.Ke3 Ke5 49.Bc7+ Ke6 50.a4  1-0

[Event "URS-chI"]
[Site "Minsk"]
[Date "1985.??.??"]
[Round "8"]
[White "Gulko, Boris F"]
[Black "Yudasin, Leonid"]
[Result "1/2-1/2"]
[WhiteElo "2495"]
[BlackElo "2470"]

1.d4 Nf6 2.c4 e6 3.Nc3 Bb4 4.g3 c5 5.Nf3 Nc6 6.Bg2 Ne4 7.Qd3 cxd4 8.Nxd4 Nxc3
9.bxc3 Ne5 10.Qc2 Bc5 11.Qb3 O-O 12.O-O d6 13.Rd1 a6 14.Nf3 Ng4 15.e3 Qc7
16.Rb1 Rb8 17.Ba3 b5 18.Bxc5  1/2-1/2

[Event "URS-chI"]
[Site "Minsk"]
[Date "1985.??.??"]
[Round "10"]
[White "Balashov, Yuri S"]
[Black "Yudasin, Leonid"]
[Result "1-0"]
[WhiteElo "2495"]
[BlackElo "2475"]

1.d4 Nf6 2.c4 e6 3.Nf3 b6 4.e3 Bb7 5.Bd3 c5 6.Nc3 cxd4 7.exd4 Be7 8.O-O d5
9.cxd5 Nxd5 10.Bb5+ Bc6 11.Bc4 O-O 12.Qe2 Bb7 13.Re1 a6 14.Qe4 Bf6 15.Bb3 b5
16.Bf4 Nxf4 17.Qxb7 Nd7 18.Rad1 Nb6 19.Ne5 Nc4 20.Qe4 Nd5 21.Nxc4 bxc4 22.Bxc4 Nxc3
23.bxc3 Qa5 24.Rc1 Rac8 25.Qd3 Rc6 26.Bb3 Rd8 27.g3 h6 28.Re4 Qa3 29.Rc2 a5
30.Qb5 Rc7 31.Kg2 Rdc8 32.d5 exd5 33.Bxd5 g6 34.c4 Kg7 35.Rce2 Qb4 36.Re8 Rxe8
37.Rxe8 Bd4 38.Re2 Qc5 39.a4 Re7 40.Rd2 h5 41.h4 Re5 42.Bxf7  1-0

[Event "URS-chI"]
[Site "Minsk"]
[Date "1985.??.??"]
[Round "12"]
[White "Gorelov, Sergey G"]
[Black "Yudasin, Leonid"]
[Result "1/2-1/2"]
[WhiteElo "2425"]
[BlackElo "2475"]

1.e4 c5 2.c3 e6 3.d4 d5 4.e5 Nc6 5.Nf3 Bd7 6.a3 Nge7 7.b4 cxd4 8.cxd4 Nf5
9.Bb2 Be7 10.Bd3 Qb6 11.Bxf5 exf5 12.Nc3 Be6 13.O-O O-O 14.Qd3 Rac8 15.Rac1 a6
16.Na4 Qa7 17.Nc5 Nb8 18.Rc2 b6 19.Nxe6 fxe6 20.Rfc1 Qb7 21.Rxc8 Rxc8 22.Rxc8+ Qxc8
23.Qc3 Qxc3 24.Bxc3 a5 25.bxa5 bxa5 26.Bxa5 Bxa3 27.Bc3 Be7 28.Kf1 Kf7 29.Ke2 Ke8
30.Kd3 Kd7 31.h3 Nc6  1/2-1/2

[Event "URS-chI"]
[Site "Minsk"]
[Date "1985.??.??"]
[Round "13"]
[White "Yudasin, Leonid"]
[Black "Tseshkovsky, Vitaly"]
[Result "1-0"]
[WhiteElo "2475"]
[BlackElo "2465"]

1.e4 e5 2.Nf3 Nc6 3.Bb5 a6 4.Ba4 Nf6 5.O-O Be7 6.Re1 b5 7.Bb3 O-O 8.h3 Bb7
9.d3 d6 10.c3 Na5 11.Bc2 c5 12.Nbd2 Nc6 13.Nf1 Re8 14.a4 h6 15.Ne3 Bf8 16.Nh2 d5
17.Qf3 Ne7 18.h4 c4 19.Nhg4 Nxg4 20.Nxg4 dxe4 21.dxe4 Nc6 22.h5 Re6 23.Rd1 Qe8
24.b4 Bxb4 25.axb5 axb5 26.Rxa8 Bxa8 27.Qg3 Bf8 28.Nxh6+ Kh7 29.Nf5 b4 30.Ba4 bxc3
31.Qxc3 Nd4 32.Bxe8 Ne2+ 33.Kh2 Nxc3 34.Rd8 Bxe4 35.Bxf7 Rf6 36.Bg6+ Rxg6
37.hxg6+ Kxg6 38.Ng3 Be7 39.Re8 Bf6 40.Bd2 Bc6 41.Rc8 Nb1 42.Bb4 Bd5 43.f3 Bg5
44.Ne4 Bf4+ 45.Kg1 Bxe4 46.fxe4 Nd2 47.Bxd2 Bxd2 48.Rxc4 Kg5 49.Kf2 Kg4 50.Ke2 Bg5
51.Kd3 Kf4 52.Rc2 Bh4 53.Re2 g5 54.Kc4 g4 55.Kc5 Bg3 56.Kd5 Bh2 57.Rf2+ Ke3
58.Rf7 Bg3 59.Rh7 Bf4 60.Rg7 g3 61.Ra7 Kf2 62.Ra2+ Kf1 63.Ke6 Be3 64.Kxe5 Bf2
65.Kf4 Kxg2 66.e5 Kh1 67.e6  1-0

[Event "URS-chI"]
[Site "Minsk"]
[Date "1985.??.??"]
[Round "16"]
[White "Rashkovsky, Nukhim N"]
[Black "Yudasin, Leonid"]
[Result "1/2-1/2"]
[WhiteElo "2410"]
[BlackElo "2475"]

1.d4 Nf6 2.Nf3 b6 3.c4 e6 4.Nc3 Bb7 5.Bg5 h6 6.Bh4 Be7 7.e3 Ne4 8.Bxe7 Qxe7
9.Rc1 c5 10.Bd3 Nxc3 11.Rxc3 d6 12.O-O Nd7 13.e4 cxd4 14.Nxd4 O-O 15.Bb1 Nf6
16.Re1  1/2-1/2

[Event "URS-chI"]
[Site "Minsk"]
[Date "1985.??.??"]
[Round "17"]
[White "Yudasin, Leonid"]
[Black "Basin, Leonid"]
[Result "1-0"]
[WhiteElo "2475"]
[BlackElo "2200"]

1.e4 c5 2.Nc3 d6 3.g3 Nc6 4.Bg2 g6 5.d3 Bg7 6.Be3 e6 7.Qd2 Qa5 8.Nh3 Bd7
9.O-O Nd4 10.Kh1 Ne7 11.a3 Rc8 12.Rac1 O-O 13.Bh6 f6 14.Bxg7 Kxg7 15.f4 e5
16.Qf2 Rcd8 17.Rce1 Qc7 18.Nd1 b5 19.c3 Nb3 20.Ne3 c4 21.Qc2 Nc5 22.Nf2 cxd3
23.Nxd3 Be6 24.Rf2 Qb7 25.Kg1 Qb6 26.Qe2 Bc8 27.Ref1 Bb7 28.Ng4 Nxd3 29.Qxd3 d5
30.fxe5 fxe5 31.exd5 Bxd5 32.Qe2 Rf5 33.Nxe5 Qe6 34.Ng4 Rxf2 35.Rxf2 Qxe2
36.Rxe2 Nc8 37.Rd2 Nb6 38.Ne3  1-0

[Event "Baku"]
[Site "Baku"]
[Date "1986.??.??"]
[Round "?"]
[White "Yudasin, Leonid"]
[Black "Sideif Sade, Fikret I"]
[Result "1/2-1/2"]
[WhiteElo "2485"]
[BlackElo "2360"]

1.e4 c5 2.Nf3 e6 3.d4 cxd4 4.Nxd4 a6 5.Bd3 Ne7 6.c4 Nec6 7.Nb3 Be7 8.O-O O-O
9.Bf4 d6 10.Be2 b6 11.Nc3 Bb7 12.Rc1 Ne5 13.Be3 Nbd7 14.f4 Nc6 15.a3 Rc8
16.Qe1 Nc5 17.Nd2 a5 18.Rd1 Bh4 19.g3 Bf6 20.Ndb1 Qe7 21.Bf3 Rfd8 22.Rf2 a4
23.Nb5 Na5 24.Rc2 g6 25.Bg2 Bg7 26.Qe2 Nab3 27.N1c3 Bc6 28.Bf2 Bf8 29.Qe3 Na5
30.Bf1 Qb7 31.Re1 Rd7 32.Nd4 Bg7 33.Nxc6 Qxc6 34.Nb5 d5 35.cxd5 exd5 36.e5 Nab3
37.Nd4 Nxd4 38.Qxd4 Qe6 39.Bg2 Rcd8 40.Rd1 f6 41.exf6 Bxf6 42.Qb4 d4 43.Re1 Qb3
44.Qxb3+ axb3 45.Rd2 Rd6 46.Bf1 d3 47.Red1 Bd4 48.Bxd4 Rxd4 49.Kg2 h6 50.Kf3 g5
51.fxg5 hxg5 52.Ke3 Re4+ 53.Kf2 Rb4  1/2-1/2

[Event "Baku"]
[Site "Baku"]
[Date "1986.??.??"]
[Round "?"]
[White "Yudasin, Leonid"]
[Black "Van der Sterren, Paul"]
[Result "1-0"]
[WhiteElo "2485"]
[BlackElo "2470"]

1.e4 e5 2.Nf3 Nc6 3.Bb5 a6 4.Ba4 Nf6 5.O-O Be7 6.Re1 b5 7.Bb3 d6 8.c3 O-O
9.h3 Bb7 10.d3 Na5 11.Bc2 c5 12.Nbd2 Nc6 13.Nf1 Re8 14.a4 h6 15.Ne3 Bf8 16.Nh2 d5
17.Qf3 d4 18.Nf5 c4 19.Rd1 Re6 20.Qe2 Rc8 21.axb5 axb5 22.Nf3 cxd3 23.Bxd3 Qb6
24.cxd4 Nxd4 25.N3xd4 exd4 26.e5 Rce8 27.f4 g6 28.Nh4 Nd5 29.Kh1 Be7 30.Nf3 Nb4
31.f5 gxf5 32.Bxf5 d3 33.Qf1 Bc5 34.Bd2 R6e7 35.Bxb4 Bxb4 36.Qxd3 Bxf3 37.Qxf3 Rxe5
38.Rf1 Kh8 39.Bd7 Rf8 40.Qf4 Qd6 41.Rad1 Qc5 42.Qxh6+ Kg8 43.Rf4 Bd2 44.Rg4+ Rg5
45.Rxd2  1-0

[Event "Baku"]
[Site "Baku"]
[Date "1986.??.??"]
[Round "?"]
[White "Yudasin, Leonid"]
[Black "Guseinov, Aidyn"]
[Result "1-0"]
[WhiteElo "2485"]
[BlackElo "2300"]

1.e4 e5 2.Nf3 Nc6 3.Bc4 Bc5 4.c3 Nf6 5.d3 d6 6.O-O Bb6 7.Bb3 Ne7 8.Nbd2 Ng6
9.Nc4 O-O 10.Re1 Be6 11.a4 c6 12.Nxb6 Bxb3 13.Qxb3 Qxb6 14.Qc2 Qc7 15.Bg5 Nh5
16.d4 Nhf4 17.Rad1 h6 18.Bxf4 Nxf4 19.Nh4 Rad8 20.g3 Nh5 21.Nf5 Rfe8 22.c4 exd4
23.Rxd4 Nf6 24.Red1 Re6 25.f3 c5 26.R4d3 g6 27.Nxh6+ Kg7 28.Qd2 Kf8 29.b3 Qe7
30.Qg5 Re5 31.Qf4 Kg7 32.g4 Rh8 33.Rxd6 Nxe4 34.Rd7  1-0

[Event "URS tt"]
[Site "Jaroslavl"]
[Date "1986.??.??"]
[Round "?"]
[White "Sveshnikov, Evgeny"]
[Black "Yudasin, Leonid"]
[Result "1/2-1/2"]
[WhiteElo "2560"]
[BlackElo "2485"]

1.e4 c5 2.c3 Nf6 3.e5 Nd5 4.d4 cxd4 5.Nf3 Nc6 6.Bc4 Nb6 7.Bb3 d5 8.exd6 Qxd6
9.O-O Be6 10.Na3 dxc3 11.Qe2 Bxb3 12.Nb5 Qb8 13.axb3 e5 14.bxc3 Be7 15.Be3 Nc8
16.c4 O-O 17.c5 b6 18.Rfc1 bxc5 19.Bxc5 a6 20.Na3 Qxb3 21.Qe4 Qe6 22.Nb5 Qg6  1/2-1/2

[Event "URS tt"]
[Site "Jaroslavl"]
[Date "1986.??.??"]
[Round "?"]
[White "Yudasin, Leonid"]
[Black "Arseniev, Vladimir V"]
[Result "1/2-1/2"]
[WhiteElo "2485"]
[BlackElo "2325"]

1.e4 e5 2.Nf3 Nc6 3.Bb5 Bc5 4.c3 Nf6 5.d4 exd4 6.e5 Ne4 7.Qe2 d5 8.exd6 O-O
9.dxc7 Qd5 10.Bc4 Qd7 11.O-O Re8 12.cxd4 Nxd4 13.Nxd4 Nd6 14.Ne6 Qc6 15.Nxc5 Rxe2
16.Bxe2 Qxc5 17.Nc3 Qxc7 18.Bf4 Qe7 19.Rad1 Ne8 20.Nd5 Qxe2 21.Rfe1 Qxe1+
22.Rxe1 Be6 23.Rd1 f6 24.Be3 g5 25.h4 h6 26.a3 Kf7 27.Nc3 a6 28.Na4 Rc8 29.Nc5 Rc7
30.Nxe6 Kxe6 31.Rd8 Ke7 32.Rb8 Kf7 33.Kh2 Nd6 34.b4  1/2-1/2

[Event "URS-FL"]
[Site "Kujbyshev"]
[Date "1986.??.??"]
[Round "?"]
[White "Yudasin, Leonid"]
[Black "Rashkovsky, Nukhim N"]
[Result "1/2-1/2"]
[WhiteElo "2495"]
[BlackElo "2445"]

1.e4 c5 2.Nf3 d6 3.d4 cxd4 4.Nxd4 Nf6 5.Nc3 Nc6 6.Bc4 e6 7.Be3 Na5 8.Bd3 a6
9.f4 b5 10.e5 dxe5 11.fxe5 Nd5 12.Qf3 Nxe3 13.Qxa8 Be7 14.Nc6 Nxc6 15.Qxc6+ Bd7
16.Qe4 Bc5 17.a4 b4 18.Nd1 Nd5 19.Nf2 f5 20.exf6 Qxf6 21.Nd1 Ke7 22.Rf1 Qh6
23.h4 a5 24.g3 Bc6 25.Qg4 Bd6 26.Qf3 Kd8 27.Bb5 Rf8 28.Qd3 Rxf1+ 29.Kxf1 Qf6+
30.Kg1 Bc5+ 31.Kh2 Bb7 32.c3 bxc3 33.bxc3 Bd6 34.Kg1 Bc5+ 35.Kh2 Bd6  1/2-1/2

[Event "URS-FL"]
[Site "Kujbyshev"]
[Date "1986.??.??"]
[Round "?"]
[White "Sveshnikov, Evgeny"]
[Black "Yudasin, Leonid"]
[Result "1/2-1/2"]
[WhiteElo "2535"]
[BlackElo "2495"]

1.e4 e5 2.Nf3 Nc6 3.d4 exd4 4.Nxd4 Nf6 5.Nc3 Bb4 6.Nxc6 bxc6 7.Bd3 d5 8.exd5 cxd5
9.O-O O-O 10.Bg5 c6 11.Qf3 h6 12.Bxf6 Qxf6 13.Qxf6 gxf6 14.Ne2 Bd6 15.Ng3 Be5
16.c3 Rb8 17.f4 Bc7 18.b3 Re8 19.Rae1 Rxe1 20.Rxe1 Kf8 21.Nh5 Bd8 22.Kf2 a5
23.h3 c5 24.c4 a4 25.bxa4 Ba6 26.Bf1 dxc4 27.Rc1 Rb2+ 28.Kg3 Ba5 29.Nxf6 Bd2
30.Rd1 Bb7 31.Bxc4 Ke7 32.Ng8+ Kf8 33.Nf6 Ke7 34.Ng8+ Kf8 35.Nxh6 Be3 36.Ng4 Rxg2+
37.Kh4 Bd4 38.Rb1 Be4 39.Rb8+ Kg7 40.Re8 Bg6 41.a5 f5 42.Rg8+ Kh7 43.a6 fxg4
44.hxg4 Be4 45.a7 Rh2+ 46.Kg5 Rh6 47.Rf8 Rg6+ 48.Kh5  1/2-1/2

[Event "URS-FL"]
[Site "Kujbyshev"]
[Date "1986.??.??"]
[Round "?"]
[White "Tukmakov, Vladimir B"]
[Black "Yudasin, Leonid"]
[Result "1-0"]
[WhiteElo "2575"]
[BlackElo "2495"]

1.d4 Nf6 2.Nf3 e6 3.c4 b6 4.Nc3 Bb7 5.a3 d5 6.cxd5 exd5 7.g3 Be7 8.Qa4+ c6
9.Bh3 O-O 10.O-O c5 11.Rd1 c4 12.Ne5 a6 13.Bg5 b5 14.Qc2 Nc6 15.Bg2 Na5 16.Re1 Qd6
17.Rad1 Rad8 18.Bxf6 Bxf6 19.e4 Nb3 20.exd5 Nxd4 21.Qe4 Rfe8 22.f4 Nb3 23.Qe3 Qb8
24.Qb6 Rd6 25.Nc6 Rxe1+ 26.Rxe1 h5 27.Nxb8 Rxb6 28.Re8+ Kh7 29.Ne4 b4 30.Nd7 bxa3
31.Nexf6+ gxf6 32.Nxb6 a2  1-0

[Event "DSV-Turnier"]
[Site "Leipzig"]
[Date "1986.??.??"]
[Round "2"]
[White "Yudasin, Leonid"]
[Black "Uhlmann, Wolfgang"]
[Result "0-1"]
[WhiteElo "2495"]
[BlackElo "2510"]

1.d4 Nf6 2.Bg5 Ne4 3.Bf4 d5 4.f3 Nf6 5.Nc3 e6 6.e4 c5 7.Nb5 Na6 8.e5 Nd7
9.c3 Be7 10.dxc5 Naxc5 11.b4 Na6 12.Bd3 Nab8 13.Qe2 Nc6 14.Nh3 a6 15.Nd6+ Bxd6
16.exd6 e5 17.O-O O-O 18.Bg3 Re8 19.a4 Nf8 20.Rad1 Bxh3 21.gxh3 Qxd6 22.b5 axb5
23.axb5 Na5 24.Be4 Qc5+ 25.Bf2 Qxc3 26.Bxd5 Ne6 27.Rc1 Nf4 28.Qa2 Qd3 29.Bxf7+ Kh8
30.Bb6 Ne2+ 31.Kg2 Nxc1 32.Rxc1 Nb3 33.Qxb3 Qd2+ 34.Bf2 Qxc1 35.Bxe8 Rxe8
36.Qd5 Qg5+ 37.Bg3 Qe7 38.Qe4 Qd7 39.Qc4 h6 40.h4 Qd4 41.Qf7 Qb2+ 42.Bf2 Qxb5
43.Be3 Qc6 44.Kg3 b5 45.Bc5 Qe6 46.Qb7 Qg6+ 47.Kh3 e4  0-1

[Event "DSV-Turnier"]
[Site "Leipzig"]
[Date "1986.??.??"]
[Round "3"]
[White "Boensch, Uwe"]
[Black "Yudasin, Leonid"]
[Result "0-1"]
[WhiteElo "2535"]
[BlackElo "2495"]

1.d4 Nf6 2.c4 e6 3.Nf3 c5 4.e3 d5 5.Nc3 Nc6 6.a3 cxd4 7.exd4 Be7 8.Bd3 dxc4
9.Bxc4 O-O 10.O-O a6 11.Be3 b5 12.Ba2 Bb7 13.d5 exd5 14.Nxd5 Nxd5 15.Bxd5 Bf6
16.Rc1 Na5 17.Bxb7 Nxb7 18.Bd4 Na5 19.a4 Rb8 20.Be5 Bxe5 21.Nxe5 Re8 22.Rc5 Qxd1
23.Rxd1 Nb3 24.Rcd5 bxa4 25.g3 Rb5 26.Nc4 Rxd5 27.Rxd5 g6 28.Nb6 Re4 29.Nd7 Re2
30.Nb6 Rxb2 31.Nxa4 Rd2 32.Re5 Kg7 33.Nc5 Kf6 34.f4 Nxc5 35.Rxc5 Ra2 36.Re5 h5
37.h3 a5 38.g4 h4 39.g5+ Kg7 40.Re8 Ra4 41.Ra8 Rxf4 42.Rxa5 Rf5 43.Ra4 Rxg5+
44.Kh2 Rh5 45.Kg2 g5 46.Kf3 Rh8 47.Kg4 Kg6 48.Ra5 f6 49.Rb5 Rd8 50.Ra5 Rd1
51.Rb5 Rg1+  0-1

[Event "DSV-Turnier"]
[Site "Leipzig"]
[Date "1986.??.??"]
[Round "4"]
[White "Yudasin, Leonid"]
[Black "Hazai, Laszlo"]
[Result "1/2-1/2"]
[WhiteElo "2495"]
[BlackElo "2480"]

1.e4 e5 2.Nf3 Nc6 3.Bb5 a6 4.Ba4 Nf6 5.O-O Be7 6.Re1 b5 7.Bb3 d6 8.c3 O-O
9.h3 Re8 10.d3 Na5 11.Bc2 c5 12.Nbd2 Bf8 13.Nf1 h6 14.Ne3 Bb7 15.Nh2 d5 16.Nhg4 d4
17.Nf5 Nxg4 18.Qxg4 Kh7 19.cxd4 exd4 20.b4 cxb4 21.Bb2 Bc8 22.Qf4 Bxf5 23.Qxf5+ Kg8
24.Rac1 Qb6 25.e5 Rad8 26.Re4 Qe6 27.Qxe6 Rxe6 28.Bd1 Rc6 29.Rxc6 Nxc6 30.Bb3 Be7
31.Rf4  1/2-1/2

[Event "DSV-Turnier"]
[Site "Leipzig"]
[Date "1986.??.??"]
[Round "7"]
[White "Yudasin, Leonid"]
[Black "Casper, Thomas"]
[Result "1/2-1/2"]
[WhiteElo "2495"]
[BlackElo "2430"]

1.e4 e6 2.d4 d5 3.Nc3 Bb4 4.e5 Ne7 5.a3 Bxc3+ 6.bxc3 c5 7.Nf3 b6 8.Bb5+ Bd7
9.Bd3 h6 10.h4 Ba4 11.h5 Qc7 12.Rb1 Nd7 13.Rh4 cxd4 14.cxd4 Rc8 15.Rb2 Qc3+
16.Kf1 f5 17.exf6 Nxf6 18.Qe2 Ne4 19.Kg1 Nf5 20.Rxe4 dxe4 21.Qxe4 Bd7 22.d5 O-O
23.Ne5 Be8 24.d6 Rc5 25.f4 Rd5 26.g4 Rd4 27.Qe2 Nxd6 28.Nf3 Rd5 29.Kh2 Bd7
30.Rb4 Rxd3 31.Qxd3 Qxd3 32.cxd3 Rc8 33.Rd4 Bc6 34.Rxd6  1/2-1/2

[Event "DSV-Turnier"]
[Site "Leipzig"]
[Date "1986.??.??"]
[Round "8"]
[White "Vogt, Lothar"]
[Black "Yudasin, Leonid"]
[Result "1/2-1/2"]
[WhiteElo "2505"]
[BlackElo "2495"]

1.e4 e5 2.Nf3 Nc6 3.Bb5 a6 4.Ba4 Nf6 5.O-O Be7 6.Re1 b5 7.Bb3 O-O 8.d4 d6
9.c3 Bg4 10.d5 Na5 11.Bc2 Qc8 12.h3 Bd7 13.Nbd2 c6 14.dxc6 Qxc6 15.Nf1 Nc4
16.a4 Rac8 17.axb5 axb5 18.b3 Nb6 19.Bd2  1/2-1/2